| 000 | 00602nam a2200133Ia 4500 | ||
|---|---|---|---|
| 008 | 171207s9999 xx 000 0 und d | ||
| 100 | _aSantos, Ismayle de Sousa | ||
| 245 | _aTest case design for context-aware applications: Are we there yet? | ||
| 245 | _cIsmayle de Sousa Santos, Rossana Maria de Castro Andrade, Lincoln Souza Rocha, Santiago Matalonga, Káthia Marçal de Oliveira, Guilherme Horta Travassos | ||
| 260 | _c2017 | ||
| 300 | _apages 42751, August 2017 | ||
| 440 |
_aInformation and Software Technology _v88: |
||
| 650 | _aContext aware application; Systematic review; Software testing | ||
| 999 |
_c347463 _d347463 |
||